000 00403nam a2200145Ia 4500
008 100122s9999 xx 000 0 und d
082 _b48053
_a823.08
100 _aमुजावर बशीर
245 _aगूढ कथा
260 _bसाहेबजी प्रकाशन
_c1993
300 _a200
630 _aगूढ कथा
730 _aगूढ कथा
942 _cBOOK
999 _c426774
_d426771